000 00477nam a22001697a 4500
003 DO-SdBNP
005 20180215101911.0
008 180215b dr||||| |||| 00| 0 spa d
040 _aBPMSU
_bspa
_cBPMSU
100 _aPaniagua, Ismael
245 _aProyección editorial de la uasd para 1985
_cIsmael Paniagua
260 _aSanto Domingo :
_bUniversitaria
_c1985
300 _a23 p.
_c21. 5 cm
942 _2ddc
_cBK
945 _ainventariado, 2018 / dg
956 _adgarcia
_b10
999 _c13292
_d13292